[Event "Isle of Man Open"]
[Site "Douglas"]
[Date "26.10.2018"]
[Round "7.70"]
[White "Mannion, Stephen R"]
[Black "Demeter, Dorina"]
[Result "1-0"]
[WhiteTitle "IM"]
[BlackTitle "WFM"]
[WhiteElo "2289"]
[BlackElo "2064"]
[WhiteFideId "2400111"]
[BlackFideId "778079"]
[EventDate "2018.10.20"]

1. e4 c5 2. Nf3 d6 3. d4 cxd4 4. Nxd4 Nf6 5. Nc3 g6 6. Be3 Bg7 7. f3 O-O 8. Qd2
Nc6 9. O-O-O d5 10. Qe1 e5 11. Nxc6 bxc6 12. exd5 Nxd5 13. Bc4 Be6 14. Ne4 Qc7
15. Bc5 Rfd8 16. g4 h6 17. h4 Nf4 18. Bd6 Qb6 19. Bxe6 Nxe6 20. g5 Nd4 21. c3
Nf5 22. Bc5 Qb5 23. Qf2 Rd5 24. b3 Qa5 25. Kb2 Rad8 26. Rxd5 cxd5 27. Nf6+ Bxf6
28. gxf6 d4 29. cxd4 Nxd4 30. Bxd4 exd4 31. h5 g5 32. Qe1 Qb5 33. Qe7 Re8 34. a4
Qb8 35. Qc5 Re3 36. Qd5 Re2+ 37. Kb1 Re3 38. Kb2 d3 39. Rd1 Qh2+ 40. Ka3 Qc2 41.
Qa8+ Kh7 42. Qf8 1-0

[Event "Isle of Man Open"]
[Site "Douglas"]
[Date "26.10.2018"]
[Round "7.71"]
[White "Bianco, Valerio"]
[Black "Stefansson, Vignir Vatnar"]
[Result "1/2-1/2"]
[BlackTitle "FM"]
[WhiteElo "2008"]
[BlackElo "2291"]
[WhiteFideId "800600"]
[BlackFideId "2308649"]
[EventDate "2018.10.20"]

1. d4 f5 2. Nf3 Nf6 3. Bg5 e6 4. Nbd2 d5 5. e3 Nbd7 6. c4 c6 7. Bd3 Bd6 8. O-O
O-O 9. cxd5 cxd5 10. Bf4 Qc7 11. Rc1 Qb8 12. Bxd6 Qxd6 13. Qc2 Ne4 14. Qc7 Qb4
15. Rc2 Rf7 16. Bxe4 fxe4 17. Ne5 Nxe5 18. Qxe5 Bd7 19. a3 Qb6 20. f4 Qb5 21.
Rfc1 Re8 22. Qh5 Qd3 23. Nf1 Bc6 24. Rc3 Qb5 25. b3 a5 26. Nd2 Ref8 27. h4 Qb6
28. a4 Rf6 29. Qe2 Qb4 30. Nf1 Qe7 31. g3 Rg6 32. Kh2 Rf5 33. R1c2 h5 34. Qe1
Qb4 35. Nd2 Rgf6 1/2-1/2

[Event "Isle of Man Open"]
[Site "Douglas"]
[Date "26.10.2018"]
[Round "7.72"]
[White "Enkhtuul, Altan-Ulzii"]
[Black "Burrows, Martin P"]
[Result "1-0"]
[WhiteTitle "WGM"]
[WhiteElo "2295"]
[BlackElo "2121"]
[WhiteFideId "4901444"]
[BlackFideId "409057"]
[EventDate "2018.10.20"]

1. Nf3 Nf6 2. d4 g6 3. g3 Bg7 4. Bg2 O-O 5. O-O d6 6. c3 Nbd7 7. Qc2 e5 8. dxe5
dxe5 9. Rd1 Qe7 10. Na3 Nc5 11. Nh4 Bd7 12. Nc4 Rad8 13. Ne3 e4 14. b3 Rfe8 15.
Bf1 Ne6 16. a4 Qc5 17. Bb2 Qh5 18. c4 Nf4 19. Rab1 Nh3+ 20. Bxh3 Bxh3 21. Nhg2
Bxg2 22. Kxg2 Ng4 23. Nxg4 Qxg4 24. Bxg7 Kxg7 25. Qc3+ Kg8 26. Qe3 b6 27. c5
bxc5 28. h3 Qf5 29. Rdc1 Re5 30. Rc4 h5 31. Rbc1 Rdd5 32. a5 a6 33. h4 Kg7 34.
R1c3 Kh7 35. Ra4 Qd7 36. Rxe4 Rxe4 37. Qxe4 c6 38. Qc4 Qb7 39. Rf3 Kg8 40. Qe4
c4 41. Qe8+ Kg7 42. bxc4 Rxa5 43. Rd3 Rf5 44. e4 Qb1 45. Rd8 1-0

[Event "Isle of Man Open"]
[Site "Douglas"]
[Date "26.10.2018"]
[Round "7.73"]
[White "Stanetzek, Carsten"]
[Black "Dushyant, Sharma"]
[Result "1-0"]
[BlackTitle "FM"]
[WhiteElo "2192"]
[BlackElo "2289"]
[WhiteFideId "4616634"]
[BlackFideId "25065130"]
[EventDate "2018.10.20"]

1. e4 e5 2. Nf3 Nc6 3. Bc4 Bc5 4. O-O Nf6 5. d3 O-O 6. Nbd2 d5 7. exd5 Nxd5 8.
Re1 Bg4 9. h3 Bh5 10. Ne4 Bb6 11. c3 Re8 12. Bg5 Qd7 13. a4 a6 14. Ng3 Bg6 15.
Nh4 Nf4 16. Nxg6 hxg6 17. Qf3 Ne6 18. Bc1 Nf8 19. b4 Nh7 20. Ne4 Qf5 21. Qg3 a5
22. b5 Nd8 23. Be3 Bxe3 24. fxe3 Ne6 25. b6 Qh5 26. bxc7 Nxc7 27. Rab1 Rab8 28.
Nd6 Re7 29. Nxb7 Ra8 30. Nd6 Rf8 31. Rb7 Nf6 32. Rf1 Rd7 33. Nb5 Nxb5 34. Rxb5
Re8 35. Rxa5 Rc7 36. Rb5 Qe2 37. Rxe5 Rec8 38. Qf2 Qxf2+ 39. Rxf2 Ra8 40. a5
Rca7 41. a6 Rb8 42. e4 Rb1+ 43. Rf1 Rb6 44. Rb5 Raxa6 45. Rxb6 Rxb6 46. e5 Nd7
47. Bxf7+ Kf8 48. Be6+ Ke7 49. Bxd7 Kxd7 50. d4 Ke6 51. Kf2 Rb3 52. Rc1 Rb2+ 53.
Kf3 Kd5 54. g3 Rd2 55. h4 Ke6 56. Kf4 Rf2+ 57. Kg5 Rg2 58. g4 Rg3 59. Ra1 Rxc3
60. Kxg6 Rc4 61. Ra6+ Ke7 62. Rd6 Rc3 63. g5 Rh3 64. h5 Rh4 65. d5 Rh1 66. Ra6
Re1 67. Ra7+ Ke8 68. e6 Rd1 69. Rd7 Rg1 70. Rxg7 Re1 71. h6 1-0

[Event "Isle of Man Open"]
[Site "Douglas"]
[Date "26.10.2018"]
[Round "7.74"]
[White "Chennaoui, Yasin"]
[Black "Unuk, Laura"]
[Result "0-1"]
[BlackTitle "WIM"]
[WhiteElo "2050"]
[BlackElo "2272"]
[WhiteFideId "1330667"]
[BlackFideId "14609215"]
[EventDate "2018.10.20"]

1. Nf3 Nf6 2. c4 c5 3. b3 d5 4. cxd5 Nxd5 5. Bb2 Nc6 6. a3 f6 7. d4 cxd4 8. Nxd4
Nxd4 9. Qxd4 e5 10. Qd2 Be6 11. e3 a6 12. Bd3 Qb6 13. Bc2 Rd8 14. Qe2 g6 15. Nd2
Bh6 16. Nc4 Qc7 17. Rc1 O-O 18. Bb1 Qd7 19. O-O b5 20. Rfd1 bxc4 21. bxc4 Bg4
22. f3 Bxe3+ 23. Qxe3 Nxe3 24. Rxd7 Bxd7 25. Kf2 Rb8 26. Bxe5 Ng4+ 27. fxg4
fxe5+ 28. Bf5 gxf5 0-1

[Event "Isle of Man Open"]
[Site "Douglas"]
[Date "26.10.2018"]
[Round "7.75"]
[White "Moksh, Amit Doshi"]
[Black "Vidic, Teja"]
[Result "1-0"]
[BlackTitle "WFM"]
[WhiteElo "2224"]
[BlackElo "2116"]
[WhiteFideId "25064967"]
[BlackFideId "14605511"]
[EventDate "2018.10.20"]

1. c4 e5 2. g3 Nf6 3. Bg2 d5 4. cxd5 Nxd5 5. Nc3 Nb6 6. Nf3 Nc6 7. O-O Be7 8. a3
O-O 9. b4 Be6 10. Rb1 f6 11. b5 Nd4 12. e3 Nf5 13. d4 exd4 14. Nxd4 Nxd4 15.
exd4 Bd5 16. Nxd5 Nxd5 17. Qe2 Rf7 18. Qe6 Nb6 19. Bxb7 Rb8 20. Be4 g6 21. Bc2
Qd6 22. Bb3 Qxe6 23. Bxe6 Rd8 24. Rd1 Nd5 25. Bb2 1-0

[Event "Isle of Man Open"]
[Site "Douglas"]
[Date "26.10.2018"]
[Round "7.76"]
[White "Jonsson, Gauti Pall"]
[Black "Bopp, Thomas"]
[Result "0-1"]
[WhiteElo "2073"]
[BlackElo "2160"]
[WhiteFideId "2309092"]
[BlackFideId "4656113"]
[EventDate "2018.10.20"]

1. e4 c6 2. Nf3 d5 3. exd5 cxd5 4. Ne5 Nc6 5. Bb5 Bd7 6. Nxd7 Qxd7 7. d4 a6 8.
Be2 Qc7 9. c3 e6 10. O-O Nf6 11. Nd2 Bd6 12. Nf3 O-O 13. h3 b5 14. Be3 Na5 15.
Bd3 Nc4 16. Qe2 Rfc8 17. Rfc1 h6 18. a4 Rab8 19. axb5 axb5 20. Ra2 Nxe3 21. fxe3
b4 22. c4 dxc4 23. Rxc4 Qb7 24. Rxc8+ Rxc8 25. Nd2 Rc1+ 26. Kf2 Qd5 27. Ra6 g6
28. Qf3 Be7 29. Ne4 Nxe4+ 30. Bxe4 Qc4 31. Qe2 Bh4+ 0-1

[Event "Isle of Man Open"]
[Site "Douglas"]
[Date "26.10.2018"]
[Round "7.77"]
[White "Schroer, Marcel"]
[Black "Shaw, Peter"]
[Result "1/2-1/2"]
[WhiteElo "2064"]
[BlackElo "2096"]
[WhiteFideId "1012908"]
[BlackFideId "411361"]
[EventDate "2018.10.20"]

1. c4 f5 2. g3 Nf6 3. Nf3 e6 4. Bg2 Be7 5. O-O O-O 6. Nc3 d6 7. d3 Nc6 8. Rb1
Qe8 9. b4 e5 10. Nd5 Bd8 11. b5 Ne7 12. Nxf6+ Rxf6 13. c5 a6 14. a4 axb5 15.
axb5 Ra5 16. Qb3+ Be6 17. Qb4 c6 18. bxc6 Nxc6 19. Qxb7 Rxc5 20. Be3 Rf7 21. Qb2
Ra5 22. Ra1 h6 23. Rxa5 Bxa5 24. Ra1 Qc8 25. Qa3 Bb4 26. Qa4 Rb7 27. Nxe5 dxe5
28. Bxc6 Rb8 29. Ba7 Bc3 30. Bxb8 Bxa1 31. Qxa1 Qxb8 32. Qa8 Qxa8 33. Bxa8 g5
34. f4 gxf4 35. gxf4 exf4 36. Kf2 Bf7 37. d4 Kf8 38. Kf3 Bh5+ 39. Kxf4 Bxe2 40.
Kxf5 Kg7 41. d5 Kf7 42. d6 Bb5 43. Bd5+ Ke8 44. Be6 Be2 45. h4 h5 46. Kg5 Bd1
47. Kh6 Bg4 48. Bg8 Kd7 49. Bf7 Kxd6 50. Bxh5 Bxh5 51. Kxh5 Ke7 52. Kg6 Kf8 53.
h5 Kg8 54. h6 Kh8 55. h7 1/2-1/2

[Event "Isle of Man Open"]
[Site "Douglas"]
[Date "26.10.2018"]
[Round "7.78"]
[White "Mai, Aron Thor"]
[Black "Sipos, Silvester"]
[Result "1-0"]
[WhiteElo "2063"]
[BlackElo "2050"]
[WhiteFideId "2313383"]
[BlackFideId "444260"]
[EventDate "2018.10.20"]

1. e4 g6 2. d4 Bg7 3. Nc3 d6 4. f4 Nf6 5. Nf3 O-O 6. Bd3 Bg4 7. h3 Bxf3 8. Qxf3
Nc6 9. Be3 Nd7 10. e5 e6 11. a3 d5 12. h4 f6 13. Qh3 Qe7 14. Ne2 f5 15. g4 Nd8
16. h5 c5 17. c3 cxd4 18. cxd4 Rc8 19. hxg6 hxg6 20. Qh7+ Kf7 21. Rh6 Rg8 22.
Qxg6+ Kf8 23. Rh7 Nf7 24. gxf5 Bxe5 25. Qxf7+ Qxf7 26. Rxf7+ Kxf7 27. fxe6+ Kxe6
28. dxe5 1-0

[Event "Isle of Man Open"]
[Site "Douglas"]
[Date "26.10.2018"]
[Round "7.79"]
[White "Nihal, Sarin"]
[Black "Bellaiche, Anthony"]
[Result "1/2-1/2"]
[WhiteTitle "IM"]
[BlackTitle "IM"]
[WhiteElo "2572"]
[BlackElo "2453"]
[WhiteFideId "25092340"]
[BlackFideId "615668"]
[EventDate "2018.10.20"]

1. c4 Nf6 2. Nc3 c5 3. Nf3 e6 4. e3 Nc6 5. d4 d5 6. cxd5 exd5 7. Bb5 cxd4 8.
Nxd4 Bd7 9. O-O Bd6 10. b3 O-O 11. Bb2 a6 12. Be2 Qe7 13. Nf3 Be6 14. Rc1 Rac8
15. Na4 Nb4 16. Rxc8 Rxc8 17. Nc3 Nc6 18. g3 Bc5 19. Ng5 Rd8 20. Nxe6 Qxe6 21.
Bf3 Ne5 22. Bg2 Neg4 23. Qd3 Nxf2 24. Rxf2 Bxe3 25. Nd1 Bxf2+ 26. Nxf2 Qe1+ 27.
Qf1 Qe6 28. Bd4 Ne4 29. Nd3 Qh6 30. Qf4 Qxf4 31. Nxf4 Rc8 32. Be3 d4 33. Bxe4
dxe3 34. Bxb7 Rc1+ 35. Kg2 Rc2+ 36. Kf3 Rxa2 37. h4 a5 1/2-1/2

[Event "Isle of Man Open"]
[Site "Douglas"]
[Date "27.10.2018"]
[Round "8.4"]
[White "Kramnik, Vladimir"]
[Black "Xiong, Jeffery"]
[Result "1/2-1/2"]
[WhiteTitle "GM"]
[BlackTitle "GM"]
[WhiteElo "2779"]
[BlackElo "2656"]
[WhiteFideId "4101588"]
[BlackFideId "2047640"]
[EventDate "2018.10.20"]

1. e4 c5 2. Nf3 d6 3. Bc4 Nf6 4. d3 Nc6 5. O-O Bg4 6. h3 Bxf3 7. Qxf3 g6 8. Nc3
Bg7 9. Qd1 O-O 10. a3 a6 11. Ba2 b5 12. Bg5 e6 13. Qd2 Qa5 14. f4 b4 15. axb4
cxb4 16. Ne2 b3 17. Qxa5 Nxa5 18. cxb3 h6 19. Bh4 Rab8 20. b4 Nc6 21. Be1 Nxb4
22. Bb1 Nd7 23. Bc3 Rb6 24. f5 exf5 25. exf5 g5 26. f6 Bh8 27. Bd4 Rc6 28. Ng3
Nd5 29. Ra5 Nf4 30. Nf5 Re8 31. Kh1 Bxf6 32. Nxh6+ Kg7 33. Nf5+ Kf8 34. b4 d5
35. Bf2 Rb8 36. g3 Nxh3 37. Be3 d4 38. Nxd4 Bxd4 39. Bxd4 Rxb4 40. Rd5 Ke7 41.
Ba2 Rc2 42. Bc4 f6 43. Re1+ Kd8 44. Bxf6+ Kc8 45. Bd4 Nf2+ 46. Bxf2 Rxf2 47.
Bxa6+ Kc7 48. Rc1+ Kb6 49. Rd6+ Ka7 50. Ra1 Ne5 51. Rh6 Kb8 52. Rh8+ Kc7 53.
Rc1+ Kd6 54. Rh6+ Kd5 55. Rh2 Rbb2 56. Rxf2 Rxf2 57. Kg1 Rb2 58. Rf1 Kd4 59. Rf2
Rxf2 60. Kxf2 Ng4+ 61. Ke2 Ne5 62. Kf2 Ng4+ 63. Kf3 Ne5+ 64. Ke2 Ng4 65. Bb7 Ne5
66. Be4 Ng4 67. Bf5 1/2-1/2

[Event "Isle of Man Open"]
[Site "Douglas"]
[Date "27.10.2018"]
[Round "8.6"]
[White "Giri, Anish"]
[Black "Rapport, Richard"]
[Result "1/2-1/2"]
[WhiteTitle "GM"]
[BlackTitle "GM"]
[WhiteElo "2780"]
[BlackElo "2725"]
[WhiteFideId "24116068"]
[BlackFideId "738590"]
[EventDate "2018.10.20"]

1. d4 Nf6 2. c4 g6 3. Nc3 Bg7 4. e4 d6 5. Nf3 O-O 6. Be2 e5 7. d5 Nbd7 8. Be3
Ng4 9. Bg5 f6 10. Bh4 a5 11. Nd2 Nh6 12. f3 Nf7 13. Qc2 Nc5 14. O-O Bh6 15. Kh1
Bd7 16. b3 Kg7 17. Rab1 Na6 18. a3 c5 19. dxc6 bxc6 20. b4 axb4 21. axb4 Be3 22.
Qd3 Bg5 23. Bf2 c5 24. bxc5 Nxc5 25. Qc2 Qa5 26. Nb3 Nxb3 27. Rxb3 Rfb8 28. Rxb8
Rxb8 29. Rd1 Rc8 30. Qb2 Be6 31. Nd5 1/2-1/2

[Event "Isle of Man Open"]
[Site "Douglas"]
[Date "27.10.2018"]
[Round "8.7"]
[White "Anand, Viswanathan"]
[Black "Artemiev, Vladislav"]
[Result "1/2-1/2"]
[WhiteTitle "GM"]
[BlackTitle "GM"]
[WhiteElo "2771"]
[BlackElo "2706"]
[WhiteFideId "5000017"]
[BlackFideId "24101605"]
[EventDate "2018.10.20"]

1. e4 c5 2. Nf3 d6 3. d4 cxd4 4. Nxd4 Nf6 5. Nc3 a6 6. Be2 e6 7. f4 Be7 8. Be3
O-O 9. g4 d5 10. e5 Nfd7 11. g5 Nc6 12. Qd2 Nxd4 13. Bxd4 b5 14. Rg1 Bc5 15.
Bxc5 Nxc5 16. Qd4 Qb6 17. Rg3 b4 18. Nd1 a5 19. a3 Bd7 20. Nf2 Rfb8 21. axb4
axb4 22. Rxa8 Rxa8 23. Nd3 Ra1+ 24. Bd1 Nxd3+ 25. Rxd3 Ra6 26. Qxb6 Rxb6 27. Kd2
g6 28. h4 Kg7 29. h5 h6 30. gxh6+ Kxh6 31. hxg6 fxg6 32. Rh3+ 1/2-1/2

[Event "Isle of Man Open"]
[Site "Douglas"]
[Date "27.10.2018"]
[Round "8.8"]
[White "Parligras, Mircea-Emilian"]
[Black "Grischuk, Alexander"]
[Result "1/2-1/2"]
[WhiteTitle "GM"]
[BlackTitle "GM"]
[WhiteElo "2623"]
[BlackElo "2769"]
[WhiteFideId "1204297"]
[BlackFideId "4126025"]
[EventDate "2018.10.20"]

1. d4 Nf6 2. c4 g6 3. Nc3 Bg7 4. e4 d6 5. h3 O-O 6. Be3 Na6 7. g4 c6 8. Nge2 Nc7
9. Ng3 b5 10. cxb5 cxb5 11. Bg2 e5 12. dxe5 dxe5 13. Qxd8 Rxd8 14. O-O b4 15.
Na4 Ne6 16. Rfd1 Bb7 17. Nc5 Rxd1+ 18. Rxd1 Nxc5 19. Bxc5 Bf8 20. Be3 a5 21. f3
Rc8 22. Bf1 Bc5 23. Bxc5 Rxc5 24. Rd8+ Kg7 25. g5 Nh5 26. Nxh5+ gxh5 27. h4 Bc8
28. Rd5 Rc1 29. Kf2 Rc2+ 30. Ke3 Rxb2 31. Rxa5 Be6 32. Rxe5 Rxa2 33. f4 Ra3+ 34.
Kd4 Rf3 35. f5 Rxf1 36. fxe6 fxe6 37. Rxe6 Rf4 38. Rb6 Rxh4 39. Rxb4 1/2-1/2

[Event "Isle of Man Open"]
[Site "Douglas"]
[Date "27.10.2018"]
[Round "8.9"]
[White "Karjakin, Sergey"]
[Black "Sethuraman, S.P."]
[Result "1/2-1/2"]
[WhiteTitle "GM"]
[BlackTitle "GM"]
[WhiteElo "2760"]
[BlackElo "2673"]
[WhiteFideId "14109603"]
[BlackFideId "5021596"]
[EventDate "2018.10.20"]

1. e4 e5 2. Nf3 Nc6 3. Bb5 Nf6 4. d3 Bc5 5. c3 d5 6. Nbd2 dxe4 7. dxe4 O-O 8.
O-O a5 9. Bxc6 bxc6 10. Nxe5 Re8 11. Nxc6 Qd7 12. Nd4 Bxd4 13. cxd4 Qxd4 14. Re1
Nxe4 15. Nxe4 Rxe4 16. Be3 Qxd1 17. Rexd1 Be6 18. a3 Rc4 19. Rac1 c6 20. Rxc4
Bxc4 21. Rd7 h5 22. f3 a4 23. Bd2 Re8 24. Bc3 Kh7 25. Ra7 Bb3 26. Kf2 g5 27. Rd7
Bd5 28. Rb7 Kg6 29. Rb4 Bb3 30. h4 f6 31. g3 Re6 32. Rd4 Re7 33. Rd6 Re6 34. Rd4
Re7 35. Rd8 Bc4 36. Rd2 Re6 37. Rc2 Bd3 38. Rd2 Bc4 39. Bb4 Bb5 40. Bc5 Re5 41.
Be3 Rd5 42. Rc2 Rd1 43. Rc1 1/2-1/2

[Event "Isle of Man Open"]
[Site "Douglas"]
[Date "27.10.2018"]
[Round "8.10"]
[White "So, Wesley"]
[Black "Shirov, Alexei"]
[Result "1/2-1/2"]
[WhiteTitle "GM"]
[BlackTitle "GM"]
[WhiteElo "2776"]
[BlackElo "2636"]
[WhiteFideId "5202213"]
[BlackFideId "2209390"]
[EventDate "2018.10.20"]

1. c4 c6 2. d4 d5 3. Nf3 Nf6 4. cxd5 cxd5 5. Nc3 Nc6 6. Bf4 a6 7. Rc1 Nh5 8. Bd2
Nf6 9. a3 Ne4 10. Bf4 e6 11. e3 g5 12. Nxe4 gxf4 13. Nc5 fxe3 14. fxe3 e5 15.
Nxe5 Nxe5 16. dxe5 Qa5+ 17. Qd2 Qxd2+ 18. Kxd2 Bg7 19. g3 Bxe5 20. Nd3 Bd6 21.
Bg2 Be6 22. Rhd1 h5 23. e4 dxe4 24. Bxe4 h4 25. Bxb7 Rb8 26. Bxa6 hxg3 27. hxg3
Rh2+ 28. Ke3 Rb3 29. Rd2 Rh3 30. Bc4 Rxg3+ 31. Ke2 Rg2+ 32. Kd1 Rxd2+ 33. Kxd2
Bxc4 34. Rxc4 Bxa3 35. bxa3 1/2-1/2

[Event "Isle of Man Open"]
[Site "Douglas"]
[Date "27.10.2018"]
[Round "8.11"]
[White "Svane, Rasmus"]
[Black "Vidit, Santosh Gujrathi"]
[Result "0-1"]
[WhiteTitle "GM"]
[BlackTitle "GM"]
[WhiteElo "2595"]
[BlackElo "2711"]
[WhiteFideId "4657101"]
[BlackFideId "5029465"]
[EventDate "2018.10.20"]

1. d4 d5 2. c4 c6 3. cxd5 cxd5 4. Bf4 Nc6 5. e3 Nf6 6. Nc3 Bf5 7. Nf3 e6 8. Qb3
Bb4 9. Ne5 Bxc3+ 10. bxc3 Nxe5 11. Bxe5 O-O 12. Be2 Rc8 13. f3 Qa5 14. Rc1 Rc6
15. g4 Bg6 16. h4 h6 17. h5 Bh7 18. g5 Nd7 19. gxh6 Nxe5 20. dxe5 gxh6 21. Rg1+
Kh8 22. Kf2 Rb6 23. Qd1 Rb2 24. a4 Rc8 25. c4 dxc4 26. Qd4 Rxe2+ 27. Kxe2 Bd3+
28. Kd1 Qxa4+ 29. Ke1 Qa2 0-1

[Event "Isle of Man Open"]
[Site "Douglas"]
[Date "27.10.2018"]
[Round "8.12"]
[White "Eljanov, Pavel"]
[Black "Antipov, Mikhail Al."]
[Result "1-0"]
[WhiteTitle "GM"]
[BlackTitle "GM"]
[WhiteElo "2703"]
[BlackElo "2593"]
[WhiteFideId "14102951"]
[BlackFideId "4107012"]
[EventDate "2018.10.20"]

1. d4 Nf6 2. c4 c6 3. Nc3 d5 4. e3 a6 5. Nf3 Bf5 6. Nh4 Bg6 7. Qb3 Ra7 8. Nxg6
hxg6 9. g3 e6 10. Bg2 b5 11. c5 a5 12. O-O Be7 13. a3 g5 14. Qc2 g4 15. e4 dxe4
16. Bf4 Nd5 17. Bxb8 Qxb8 18. Qxe4 b4 19. Ne2 g5 20. Rfe1 Kf8 21. Nc1 bxa3 22.
bxa3 Nf6 23. Qxc6 Qb2 24. Ne2 Qc2 25. Qb6 Rd7 26. Qb1 Qc4 27. a4 Rd8 28. Ra3 Nd5
29. Qe4 Nf6 30. Qb1 Nd5 31. Qb3 Qa6 32. Qb5 Qa7 33. Rb3 Nb4 34. Qb6 Qxb6 35.
cxb6 Bd6 36. b7 Ke7 37. Nc3 Bb8 38. Nb5 f5 39. Rc3 f4 40. Be4 Kf6 41. Rc5 Na6
42. Rc8 Rxc8 43. bxc8=Q Rxc8 44. Bb7 Rc4 45. Bxa6 Rxa4 46. Bc8 Rb4 47. Nc3 Rc4
48. Ne4+ Ke7 49. Bb7 Rxd4 50. Nxg5 f3 51. h3 Rd2 52. hxg4 Ba7 53. Rxe6+ 1-0

[Event "Isle of Man Open"]
[Site "Douglas"]
[Date "27.10.2018"]
[Round "8.14"]
[White "Gupta, Abhijeet"]
[Black "Howell, David W L"]
[Result "1/2-1/2"]
[WhiteTitle "GM"]
[BlackTitle "GM"]
[WhiteElo "2588"]
[BlackElo "2689"]
[WhiteFideId "5010608"]
[BlackFideId "410608"]
[EventDate "2018.10.20"]

1. d4 d5 2. c4 c6 3. Nf3 Nf6 4. Nc3 dxc4 5. a4 e6 6. e3 c5 7. Bxc4 Nc6 8. O-O
cxd4 9. Nxd4 Bd7 10. e4 Nxd4 11. Qxd4 Bc6 12. Qe3 a6 13. Rd1 Qc7 14. Qe2 Qe5 15.
f4 Bc5+ 16. Kf1 Qh5 17. Qxh5 Nxh5 18. Ke2 Bb4 19. Bd3 O-O-O 20. Be3 Bxc3 21.
bxc3 Nf6 22. e5 Nd5 23. Bd2 Nb6 24. Bc2 h5 25. Kf2 g6 26. a5 Nc4 27. Bc1 Rxd1
28. Bxd1 Rd8 29. Be2 Nd2 30. Ra3 Nb1 31. Rb3 Nd2 32. Ra3 Nb1 33. Rb3 Nd2 34. Ra3 1/2-1/2

[Event "Isle of Man Open"]
[Site "Douglas"]
[Date "27.10.2018"]
[Round "8.15"]
[White "Adhiban, Baskaran"]
[Black "Christiansen, Johan-Sebastian"]
[Result "1-0"]
[WhiteTitle "GM"]
[BlackTitle "IM"]
[WhiteElo "2668"]
[BlackElo "2541"]
[WhiteFideId "5018471"]
[BlackFideId "1512668"]
[EventDate "2018.10.20"]

1. d4 Nf6 2. c4 e6 3. Nf3 d5 4. g3 dxc4 5. Bg2 Nc6 6. Qa4 Bb4+ 7. Bd2 Nd5 8.
Bxb4 Nxb4 9. O-O Rb8 10. Na3 O-O 11. Qb5 b6 12. Qxc4 Ba6 13. Nb5 Qd5 14. Qxd5
Nxd5 15. a4 Na5 16. Ne5 Rbd8 17. Nxa7 Bxe2 18. Rfe1 Ba6 19. Nac6 Nxc6 20. Nxc6
Rd6 21. Rac1 Nf6 22. Red1 Re8 23. Nb4 Be2 24. Rd2 c5 25. Rxe2 cxb4 26. Rc4 Red8
27. Rd2 b3 28. Rd3 g6 29. f4 Kg7 30. Bf3 h6 31. h4 g5 32. hxg5 hxg5 33. fxg5 Nh7
34. Rxb3 Nxg5 35. Bc6 e5 36. Rb5 Rc8 37. d5 e4 38. Rc3 Rf6 39. d6 Nf3+ 40. Kg2
Rh8 41. g4 Ne1+ 42. Kg3 Rh1 43. Rg5+ Kh6 44. Bxe4 Kxg5 45. Bxh1 Rxd6 46. Be4 Rd2
47. Rb3 Re2 48. Rb5+ Kf6 49. Kf4 Rf2+ 50. Ke3 Rh2 51. Rxb6+ Kg5 52. a5 Nc2+ 53.
Bxc2 Rxc2 54. a6 Rc4 55. Rb5+ Kxg4 56. Ra5 Rc8 57. a7 Ra8 58. b4 1-0

[Event "Isle of Man Open"]
[Site "Douglas"]
[Date "27.10.2018"]
[Round "8.16"]
[White "Tregubov, Pavel V."]
[Black "Kovalev, Vladislav"]
[Result "1/2-1/2"]
[WhiteTitle "GM"]
[BlackTitle "GM"]
[WhiteElo "2588"]
[BlackElo "2664"]
[WhiteFideId "4115341"]
[BlackFideId "13504398"]
[EventDate "2018.10.20"]

1. c4 g6 2. d4 Bg7 3. Nf3 d6 4. Nc3 Nf6 5. e4 O-O 6. Be2 e5 7. O-O c6 8. d5 Na6
9. Re1 Nc5 10. Qc2 cxd5 11. cxd5 Qc7 12. Nb5 Qd8 13. Bf1 a6 14. Nc3 Qc7 15. Nd2
Bd7 16. a4 Rab8 17. Qb1 Rfc8 18. b4 Nd3 19. Qxd3 Qxc3 20. Qxc3 Rxc3 21. Nc4 Rc2
22. Nb6 Be8 23. a5 Kf8 24. Bd3 Rc3 25. Ra3 Rc7 26. Bd2 Ke7 27. f3 Nd7 28. Nc4
Rbc8 29. Rc3 Nf6 30. Rec1 Bb5 31. Bf1 Bxc4 32. Bxc4 Nd7 33. Kf2 f5 34. Ke2 Nf6
35. Bd3 Rxc3 36. Rxc3 Rxc3 37. Bxc3 fxe4 38. fxe4 Ne8 39. b5 axb5 40. Bxb5 Nc7
41. Bd3 Na6 42. Bd2 Nc5 43. Bc2 Bf6 44. Kf3 Kf7 45. g3 Bd8 46. h4 1/2-1/2

[Event "Isle of Man Open"]
[Site "Douglas"]
[Date "27.10.2018"]
[Round "8.17"]
[White "Melkumyan, Hrant"]
[Black "Lomasov, Semyon"]
[Result "1-0"]
[WhiteTitle "GM"]
[BlackTitle "IM"]
[WhiteElo "2660"]
[BlackElo "2540"]
[WhiteFideId "13302485"]
[BlackFideId "24164879"]
[EventDate "2018.10.20"]

1. d4 e6 2. c4 b6 3. e4 Bb4+ 4. Nc3 Bb7 5. Qc2 c5 6. d5 f5 7. a3 Ba5 8. Bd2 fxe4
9. Nxe4 Bxd2+ 10. Qxd2 Qe7 11. O-O-O Nf6 12. Nc3 O-O 13. Nf3 Na6 14. Bd3 Kh8 15.
Rhe1 Nc7 16. Qf4 d6 17. Qh4 e5 18. Bxh7 g5 19. Qxg5 Qxh7 20. Nh4 Qh5 21. Ng6+
Kg7 22. Qxh5 Nxh5 23. Nxf8 Rxf8 24. g3 Ba6 25. b3 Kg6 26. f4 exf4 27. gxf4 Bc8
28. Re7 Rf7 29. Rg1+ Kf6 30. Re3 Bf5 31. Ne2 Rf8 32. Ng3 Ng7 33. Rge1 b5 34. Re7
Rf7 35. Rxf7+ Kxf7 36. h4 bxc4 37. bxc4 Bd3 38. h5 Nge8 39. f5 Nf6 40. h6 Nce8
41. Rh1 Kg8 42. Rh4 Nd7 43. Kd2 Ne5 44. h7+ Kh8 45. Kc3 a6 46. Rh6 Bxc4 47. Re6
Bb5 48. f6 Kxh7 49. Rxe5 dxe5 50. f7 Kg7 51. fxe8=Q Bxe8 52. Kc4 Kf6 53. Ne4+
Ke7 54. Kxc5 Bg6 55. Nf2 a5 56. Ng4 e4 57. Kd4 Kd6 58. Ne3 Kc7 59. Nc4 Kb7 60.
Nd6+ Kb6 61. Nxe4 Kb5 62. Nc3+ Kb6 63. Kc4 Bc2 64. Ne2 Bb1 65. Nc1 Bc2 66. Nd3
Bb1 67. Nc5 Ba2+ 68. Kd4 Kb5 69. Ne4 Bb3 70. Nc3+ Kb6 71. Ke5 Kc5 72. Ne4+ Kb5
73. d6 Kc6 74. Nc5 Bc4 75. Ne6 Bf1 76. Nd4+ Kb6 77. Ke6 Bh3+ 78. Ke7 Bc8 79. Kd8
Bh3 80. Ke7 Bc8 81. d7 Bxd7 82. Kxd7 Kc5 83. Nc2 1-0